000 00728nam a2200205 i 4500
001 43855
003 ES-MaACL
005 20230906160906.0
007 t|
008 030318s1917 fr ||||1| fre d
100 1 _aCavaignac, Eugene.
_937138
245 1 0 _aHistoire de l'antiquité /
_cEugene Cavaignac.
260 _a[S.l. :
_bs.n.,
_c1917] (
_eLe Puy en Velag :
_fImp. Peyrillier)
300 _a4 v. ;
_c25 cm.
505 8 _aT. I: 1ª part. Javan (jusqu'en 480). -- T. II. 2ª part. Javan. l'Orient et les grecs. -- T. III: Athènes (480-330). -- T. IV: La Macèdoine, Carthage et Rome (330-107)
740 0 _aJavan.
740 0 _aAthènes.
740 3 _aLa Macedoine, Carthage et Rome.
852 _aES-MaACL
_jF-8228-31
999 _c43855
_d43855